Southville International School and Colleges
Your cart is empty.
  • Cart
  • Lists
    Public lists Eva Luna New books Lux_list list_1
    Your lists Log in to create your own lists
  • Log in to your account
  • Your cookies
  • Search history
Southville International School and Colleges
  • Advanced search
  • Recent comments
  • Most popular
  • Libraries

Log in to your account

Log in with GOOGLE


If you do not have an external account, but do have a local account, you can still log in:

  1. Home
  2. MARC view: ICT and society /
Normal view MARC view ISBD view

ICT and society / (Record no. 8530)

[ view plain ]
MARC details
000 -LEADER
fixed length control field 00553nam a22002057a 4500
003 - CONTROL NUMBER IDENTIFIER
control field OSt
005 - DATE AND TIME OF LATEST TRANSACTION
control field 20140310182028.0
008 - FIXED-LENGTH DATA ELEMENTS--GENERAL INFORMATION
fixed length control field 130814t xxu||||| |||| 00| 0 eng d
020 ## - INTERNATIONAL STANDARD BOOK NUMBER
International Standard Book Number 978971041140
050 ## - LIBRARY OF CONGRESS CALL NUMBER
Classification number T 58.5
Item number .R173 2008
082 ## - DEWEY DECIMAL CLASSIFICATION NUMBER
Classification number HS 005.74
Item number R14 2008
100 ## - MAIN ENTRY--PERSONAL NAME
Personal name Ramirez, Alvin D.
9 (RLIN) 10095
245 ## - TITLE STATEMENT
Title ICT and society /
Remainder of title Alvin D. Ramirez.
260 ## - PUBLICATION, DISTRIBUTION, ETC. (IMPRINT)
Place of publication, distribution, etc Quezon City :
Name of publisher, distributor, etc Techfactors Inc.,
Date of publication, distribution, etc 2008.
300 ## - PHYSICAL DESCRIPTION
Extent 121 p. ;
Other physical details ill. col. ;
Dimensions 28 cm.
650 ## - SUBJECT ADDED ENTRY--TOPICAL TERM
Topical term or geographic name as entry element Technology
9 (RLIN) 7936
650 ## - SUBJECT ADDED ENTRY--TOPICAL TERM
Topical term or geographic name as entry element Society
9 (RLIN) 7227
942 ## - ADDED ENTRY ELEMENTS (KOHA)
Source of classification or shelving scheme Library of Congress Classification
Holdings
Withdrawn status Lost status Source of classification or shelving scheme Damaged status Home library Current library Shelving location Date acquired Total Checkouts Full call number Barcode Date last seen Copy number Price effective from Koha item type
    Library of Congress Classification   Luxembourg Library Luxembourg Library High School Section 08/14/2013   T 58.5 .R173 2008 18290 08/14/2013 1 08/14/2013 Books

ICT and society /

APA

Ramirez A. D., . (2008). ICT and society. Quezon City: Techfactors Inc.

Chicago

Ramirez Alvin D, . 2008. ICT and society. Quezon City: Techfactors Inc.

Harvard

Ramirez A. D., . (2008). ICT and society. Quezon City: Techfactors Inc.

MLA

Ramirez Alvin D, . ICT and society. Quezon City: Techfactors Inc. 2008.

  • Place hold
  • Print
  • Cite
  • Add to your cart (remove)
  • Save record
    BIBTEX Dublin Core MARCXML MARC (non-Unicode/MARC-8) MARC (Unicode/UTF-8) MARC (Unicode/UTF-8, Standard) MODS (XML) RIS
  • More searches
    Search for this title in:
    Other Libraries (WorldCat) Other Databases (Google Scholar) Online Stores (Bookfinder.com) Open Library (openlibrary.org)

Exporting to Dublin Core...

SOUTHVILLE LIBRARY

Southville International School and Colleges Library

1281 Tropical Ave. Cor. Luxembourg St., BF Homes International, Las Pinas City

Tel. No. 8256374 / 252358 Loc. 117/146

Powered by Koha